[Event "Norway Chess 7th"]
[Site "Stavanger"]
[Date "2019.06.09"]
[Round "5"]
[White "Vachier Lagrave, Maxime"]
[Black "Carlsen, Magnus"]
[Result "1/2-1/2"]
[WhiteElo "2779"]
[BlackElo "2875"]
[PlyCount "60"]
[EventDate "2019.06.04"]
[EventType "tourn"]
[EventRounds "9"]
[EventCountry "NOR"]
[SourceTitle "CBM 191"]
[Source "ChessBase"]
[SourceDate "2019.08.31"]
[SourceVersion "1"]
[SourceVersionDate "2019.08.31"]
[SourceQuality "1"]

1. e4 c5 2. Nf3 Nc6 3. d4 cxd4 4. Nxd4 Nf6 5. Nc3 e5 6. Ndb5 d6 7. Nd5 Nxd5 8. exd5 Nb8 9. a4 Be7 10. Be2 O-O 11. O-O Nd7 12. Kh1 a6 13. Na3 Nc5 14. Nc4 a5 15. f4 exf4 16. Bxf4 f5 17. Bd3 b6 18. Qe2 $146 ({RR} 18. Re1 Ba6 19. Nxb6 Nxd3 20. cxd3 Qxb6 21. Rxe7 Rad8 22. Qe2 Kh8 23. Rc1 Qd4 24. Qe3 Qxb2 25. Rcc7 Qa1+ 26. Qc1 Qxc1+ 27. Bxc1 Rc8 28. Rxc8 Rxc8 29. Bb2 Rb8 30. h4 h5 31. Bxg7+ Kg8 32. Bf6 Bxd3 {Fule,S (2280)-Fishchuk,V (2253) Budapest 2022 ½-½ (36)}) ({RR} 18. Re1 Ba6 19. Nxb6 Nxd3 20. cxd3 Qxb6 21. Rxe7 Rad8 22. Qe2 Kh8 23. Rc1 Qd4 24. Qe3 Qxb2 25. Rcc7 Qa1+ 26. Qc1 Qxc1+ 27. Bxc1 Rc8 28. Rxc8 Rxc8 29. Bb2 Rb8 30. h4 h5 31. Bxg7+ Kg8 32. Bf6 Bxd3 {Fule,S (2280)-Fishchuk,V (2253) Budapest 2022 ½-½ (36)}) 18... Ba6 19. Nxb6 Nxd3 20. cxd3 Qxb6 21. Qxe7 Bxd3 22. Qe6+ Kh8 23. Qxd6 Qxd6 24. Bxd6 Bxf1 25. Bxf8 Bc4 26. Be7 Bxd5 27. Rd1 Bb3 28. Rd8+ Rxd8 29. Bxd8 Bxa4 30. Bxa5 Kg8 1/2-1/2

[Event "Norway Chess 7th"]
[Site "Stavanger"]
[Date "2019.06.12"]
[Round "7"]
[White "So, Wesley"]
[Black "Carlsen, Magnus"]
[Result "1/2-1/2"]
[WhiteElo "2754"]
[BlackElo "2875"]
[PlyCount "71"]
[EventDate "2019.06.04"]
[EventType "tourn"]
[EventRounds "9"]
[EventCountry "NOR"]
[SourceTitle "CBM 191"]
[Source "ChessBase"]
[SourceDate "2019.08.31"]
[SourceVersion "1"]
[SourceVersionDate "2019.08.31"]
[SourceQuality "1"]

1. e4 c5 2. Nf3 Nc6 3. d4 cxd4 4. Nxd4 Nf6 5. Nc3 e5 6. Ndb5 d6 7. Bg5 a6 8. Na3 b5 9. Nd5 Be7 10. Bxf6 Bxf6 11. c3 O-O 12. Nc2 Rb8 13. h4 g6 14. g3 Bg7 15. h5 Ne7 ({RR} 15... Be6 16. Nce3 Bxd5 17. Nxd5 Ne7 18. Bh3 Nxd5 {½-½ (19) Kvaloy,A (2266)-Seo,J (2500) Fagernes NOR 2023}) ({RR} 15... Be6 16. Nce3 Bxd5 17. Nxd5 Ne7 18. Bh3 Nxd5 {½-½ (19) Kvaloy,A (2266)-Seo,J (2500) Fagernes NOR 2023}) 16. Nce3 Nxd5 17. Nxd5 Be6 18. Bh3 Bxd5 ({RR} 18... Qg5 19. hxg6 hxg6 20. Kf1 Bxd5 21. Qxd5 b4 22. c4 b3 23. Kg2 bxa2 24. Rxa2 Rb6 25. b4 Rxb4 26. Rxa6 Rb2 27. Rxd6 Qe3 28. Rf1 Qd4 29. Qc6 Qc3 30. Rxg6 fxg6 31. Be6+ Kh7 32. Rh1+ Bh6 33. Qd7+ {Bizhigitov,Z (2276)-Skliarov,V (2340) chess.com INT 2025 1-0 (34)}) 19. Qxd5 b4 $146 20. c4 Qc7 21. O-O Rb6 22. b3 Rd8 23. a4 bxa3 24. hxg6 hxg6 25. Rxa3 Qc5 26. Rfa1 Qxd5 27. cxd5 Bh6 28. Rxa6 Rxb3 29. Ra8 Rxa8 30. Rxa8+ Bf8 31. Bd7 Rb4 32. Ra4 Rb2 33. Ra7 Be7 34. Bc6 Kf8 35. Rb7 Rxb7 36. Bxb7 1/2-1/2

[Event "Norway Chess 7th"]
[Site "Stavanger"]
[Date "2019.06.14"]
[Round "9"]
[White "Caruana, Fabiano"]
[Black "Carlsen, Magnus"]
[Result "1/2-1/2"]
[WhiteElo "2819"]
[BlackElo "2875"]
[PlyCount "111"]
[EventDate "2019.06.04"]
[EventType "tourn"]
[EventRounds "9"]
[EventCountry "NOR"]
[SourceTitle "CBM 191"]
[Source "ChessBase"]
[SourceDate "2019.08.31"]
[SourceVersion "1"]
[SourceVersionDate "2019.08.31"]
[SourceQuality "1"]

1. e4 {Nielsen,Peter Heine} c5 2. Nf3 Nc6 3. Bb5 g6 4. Bxc6 dxc6 5. d3 Bg7 ({RR} 5... Qc7 6. O-O e5 7. Be3 Nf6 8. Qe1 Bg4 9. Nbd2 Nh5 10. a3 Be7 11. Qb1 a5 12. b4 axb4 ({RR} 12... cxb4 13. axb4 Bxb4 14. Qxb4 axb4 15. Rxa8+) 13. axb4 Rxa1 14. Qxa1) 6. h3 e5 7. O-O Qc7 8. a3 ({RR} 8. Be3 b6 9. Nbd2 Ne7 10. a3 O-O 11. b4 cxb4 12. axb4 f5 13. Nc4 Be6 14. Ng5 Bd7 15. Qe2 ({RR} 15. Ra3 h6 16. Nf3 f4 17. Bd2 g5 18. Bc3 Ng6 19. d4) 15... h6 16. Nf3 f4 17. Bd2 g5 18. Bc3 Ng6 19. d4 exd4 20. Bxd4 g4 21. hxg4 Bxg4 22. c3 ({RR} 22. Ncd2 Bxd4 23. Qc4+) 22... c5 {Aronian,L (2752)-Carlsen,M (2875) Stavanger 2019 CBM 191 [Nielsen,Peter Heine] 0-1 (43)}) 8... Nf6 ({RR} 8... Ne7 9. b4 cxb4 10. axb4 O-O 11. Bb2 h6 12. Nbd2 Be6 13. d4 exd4 14. Bxd4 Rfd8 15. Bxg7 Kxg7 16. Ra5 b6 17. Qa1+ Kh7 18. Ra3 c5 19. b5 Qf4 20. Qc3 Nc8 21. Rfa1 Qc7 22. Ra4 Nd6 23. Qb2 {Haubro,M (2436)-Thybo,J (2542) Svendborg DEN 2024 ½-½ (50)}) 9. Be3 $146 ({RR} 9. b4 cxb4 10. axb4 O-O 11. Bb2 Nh5 12. Nbd2 Be6 13. Re1 Rfd8 14. Ng5 Nf4 15. Nxe6 Nxe6 16. Nf3 a5 17. Rxa5 Rxa5 18. bxa5 Qxa5 19. Qa1 Qxa1 20. Rxa1 f6 21. Ra7 Rd7 22. Nd2 Bf8 23. Nb3 Kf7 {Mrdja,M (2368)-Sgnaolin,D (2118) Robecchetto 2002 1-0 (68)}) ({RR} 9. Nc3 O-O 10. b4 Qe7 11. Rb1 Rd8 12. Qe2 Nh5 13. Be3 Nf4 14. Bxf4 exf4 15. e5 cxb4 16. axb4 a5 17. b5 Bf5 18. Rfe1 a4 19. bxc6 bxc6 20. Qd2 g5 21. Ne4 Bxe4 22. Rxe4 a3 23. Qb4 Qxb4 {Kucumenler,T (2024)-Tadic,S (2241) Veliko Gradiste 2019 0-1 (31)}) 9... c4 10. Nc3 cxd3 11. Qxd3 O-O 12. Rfd1 Re8 13. Bc5 Bf8 14. Bxf8 Kxf8 15. Rd2 Be6 16. Rad1 Rad8 17. Qxd8 Rxd8 18. Rxd8+ Kg7 19. R8d3 h6 20. b4 a5 21. Re3 Nd7 22. Na4 b5 23. Nb2 c5 24. c3 c4 25. Rd2 axb4 26. axb4 Nf6 27. Nd1 Bd7 28. Nh2 Qa7 29. h4 Bc6 30. f3 Bd7 31. Nf1 Be6 32. Kh2 Nh5 33. g3 g5 34. hxg5 hxg5 35. Nf2 g4 36. Nxg4 Bxg4 37. fxg4 Nf6 38. Kg2 Nxg4 39. Rf3 Qa8 40. Re2 Kg6 41. Rf5 f6 42. Nh2 Nh6 43. Rf1 Kg7 44. Rd1 Qa3 45. Rd7+ Kg6 46. Nf3 Qxc3 47. Nh4+ Kh5 48. Rh7 Qd3 49. Re1 c3 50. Nf3 Qc2+ 51. Kh3 Kg6 52. Rc7 Nf7 53. Nh4+ Kg7 54. Nf5+ Kg6 55. Nh4+ Kg7 56. Nf5+ 1/2-1/2

[Event "Croatia GCT"]
[Site "Zagreb"]
[Date "2019.06.26"]
[Round "1"]
[White "Giri, Anish"]
[Black "Carlsen, Magnus"]
[Result "0-1"]
[WhiteElo "2779"]
[BlackElo "2875"]
[PlyCount "46"]
[EventDate "2019.06.26"]
[EventType "tourn"]
[EventRounds "11"]
[EventCountry "CRO"]
[EventCategory "22"]
[SourceTitle "CBM 191"]
[Source "ChessBase"]
[SourceDate "2019.08.31"]
[SourceVersion "1"]
[SourceVersionDate "2019.08.31"]
[SourceQuality "1"]

1. e4 c5 2. Nf3 Nc6 3. Bb5 e6 4. Bxc6 bxc6 5. d3 Ne7 6. h4 h5 7. e5 ({RR} 7. Qe2 d6 8. e5 d5 9. c4 Nf5 10. Nc3 Be7 11. Bg5 f6 12. Bf4 O-O 13. O-O-O Nd4 14. Qd2 a5 15. Na4 Ra7 16. exf6 gxf6 17. Bh6 Rf7 18. Kb1 dxc4 19. Qc3 cxd3 20. Nxc5 e5 21. Nxd4 exd4 {Firouzja,A (2728)-Korobov,A (2688) Chess.com INT 2020 0-1 (38)}) 7... d6 ({RR} 7... f6 8. Nc3 Nf5 9. Ne4 d5 10. exd6 Bxd6 11. b3 Be7 12. Be3 Nxe3 13. fxe3 Qa5+ 14. Qd2 Qxd2+ 15. Nexd2 e5 16. O-O-O Bg4 17. Nc4 O-O-O 18. Rdf1 Rhe8 19. Nfd2 Bf8 20. e4 Kc7 21. Kb2 Rd7 22. Rf2 {Bednarczyk,D (2249)-Karut,K (2150) Jastrzebia Gora POL 2025 1-0 (66)}) 8. exd6 Ng6 9. Nfd2 $146 ({RR} 9. Nc3 Bxd6 10. Ne4 Rb8 11. b3 e5 12. Nxd6+ Qxd6 13. Ng5 Qd4 14. Be3 Qb4+ 15. Kf1 Bf5 16. Qf3 Ne7 17. Re1 f6 18. Ne4 Bxe4 19. Qxe4 Qxe4 20. dxe4 c4 21. Rd1 Kf7 22. Ke2 Rhd8 23. Bxa7 Rxd1 {Warakomski,T (2531)-Brzezinski,M (2187) Bydgoszcz 2022 1-0 (52)}) ({RR} 9. Nc3 Bxd6 10. Ne4 Rb8 11. b3 e5 12. Nxd6+ Qxd6 13. Ng5 Qd4 14. Be3 Qb4+ 15. Kf1 Bf5 16. Qf3 Ne7 17. Re1 f6 18. Ne4 Bxe4 19. Qxe4 Qxe4 20. dxe4 c4 21. Rd1 Kf7 22. Ke2 Rhd8 23. Bxa7 Rxd1 {Warakomski,T (2531)-Brzezinski,M (2187) Bydgoszcz 2022 1-0 (52)}) 9... Bxd6 10. Nc4 Be7 11. Nc3 Ba6 12. Qf3 Bxc4 13. Qxc6+ Kf8 14. dxc4 Nxh4 15. O-O Nf5 16. Ne2 Rc8 17. Qa4 Rc7 18. Bf4 Rd7 19. c3 g5 20. Rad1 Rxd1 21. Rxd1 Qa8 22. Bc7 h4 23. f3 h3 0-1

[Event "Croatia GCT"]
[Site "Zagreb"]
[Date "2019.06.28"]
[Round "3"]
[White "Caruana, Fabiano"]
[Black "Carlsen, Magnus"]
[Result "1/2-1/2"]
[WhiteElo "2819"]
[BlackElo "2875"]
[PlyCount "135"]
[EventDate "2019.06.26"]
[EventType "tourn"]
[EventRounds "11"]
[EventCountry "CRO"]
[EventCategory "22"]
[SourceTitle "CBM 191"]
[Source "ChessBase"]
[SourceDate "2019.08.31"]
[SourceVersion "1"]
[SourceVersionDate "2019.08.31"]
[SourceQuality "1"]

1. e4 e5 2. Nf3 Nc6 3. Bb5 a6 4. Ba4 Nf6 5. O-O Nxe4 6. d4 Be7 7. Re1 b5 8. Rxe4 d5 9. Nxe5 Nxe5 10. Rxe5 bxa4 11. Nc3 O-O 12. Re1 Bd6 13. Qh5 ({RR} 13. h3 a3 14. bxa3 c6 15. Qf3 Qh4 16. Ne2 Re8 17. Bf4 Bf8 18. Ng3 Bd7 19. Rxe8 Rxe8 20. Rb1 Qf6 21. Rb7 Bc8 22. Rc7 Qxd4 23. Bd6 Be6 24. Bxf8 Rxf8 25. Rxc6 Qa1+ 26. Kh2 Qxa2 27. Nh5 Qb2 {Caruana,F (2766)-Yu Yangyi (2729) chess.com INT 2023 1-0 (31)}) ({RR} 13. Qf3 Qh4 14. g3 Qxd4 15. Qxd5 Qxd5 16. Nxd5 Be6 17. Nc3 a3 18. bxa3 Rab8 19. Rb1 Rxb1 20. Nxb1 Bf5 21. Re2 f6 22. Nc3 Be5 23. Nd5 Bg4 24. Re1 Rd8 25. Ne7+ Kf8 26. Nc6 Bc3 27. Nxd8 Bxe1 {Leitgeb,J (2328)-Stefansson,V (2492) Ceske Budejovice CZE 2024 0-1 (51)}) 13... a3 14. Nxd5 axb2 $146 ({RR} 14... Bb7 15. Ne3 Re8 16. bxa3 Re6 17. h3 Qf6 18. Rb1 Be4 19. d5 Bg6 20. Qd1 Re4 21. Bb2 Qf4 22. Nf1 Rb8 23. Bc3 Rxb1 24. Qxb1 h5 25. Bb4 Be5 26. Bd2 Qh4 27. c4 Rxe1 28. Qxe1 f6 29. Ne3 {Rakotomaharo,F (2475)-Vlachos,A (2421) Paris 2021 ½-½ (36)}) ({RR} 14... Bb7 15. Ne3 Re8 16. bxa3 Re6 17. h3 Qf6 18. Rb1 Be4 19. d5 Bg6 20. Qd1 Re4 21. Bb2 Qf4 22. Nf1 Rb8 23. Bc3 Rxb1 24. Qxb1 h5 25. Bb4 Be5 26. Bd2 Qh4 27. c4 Rxe1 28. Qxe1 f6 29. Ne3 {Rakotomaharo,F (2475)-Vlachos,A (2421) Paris 2021 ½-½ (36)}) 15. Bxb2 Rb8 16. Rab1 Re8 17. Ne3 Bf4 18. d5 Rb4 19. c4 Bxe3 20. Rxe3 Rxe3 21. fxe3 Rxc4 22. Bd4 c5 23. Ba1 f6 24. h3 Qe7 25. Qf3 h6 26. Re1 Re4 27. Kf2 Bd7 28. Rd1 Kh7 29. Rd2 Qe8 30. Bb2 Ra4 31. a3 Rc4 32. Re2 Qg6 33. e4 Ba4 34. d6 Bc6 35. Qg3 Qxg3+ 36. Kxg3 Kg6 37. e5 fxe5 38. Bxe5 h5 39. Bb2 h4+ 40. Kh2 Kf5 41. Bxg7 Re4 42. Rxe4 Kxe4 43. Bf6 c4 44. Bxh4 c3 45. Bf6 c2 46. Bb2 Kd5 47. g4 Kxd6 48. Kg3 Bb5 49. Kf3 Ke7 50. h4 Kf8 51. h5 Be8 52. Kg3 Kg8 53. Kh4 Kh7 54. Kg5 Bd7 55. Kf4 a5 56. Kg5 a4 57. Kf4 Be6 58. g5 Bf7 59. g6+ Bxg6 60. hxg6+ Kxg6 61. Ke5 Kf7 62. Kd6 Ke8 63. Bc1 Kd8 64. Kc6 Kc8 65. Bf4 c1=Q+ 66. Bxc1 Kb8 67. Kb6 Ka8 68. Bf4 1/2-1/2

[Event "Croatia GCT"]
[Site "Zagreb"]
[Date "2019.07.03"]
[Round "7"]
[White "Nepomniachtchi, Ian"]
[Black "Carlsen, Magnus"]
[Result "0-1"]
[WhiteElo "2775"]
[BlackElo "2875"]
[PlyCount "62"]
[EventDate "2019.06.26"]
[EventType "tourn"]
[EventRounds "11"]
[EventCountry "CRO"]
[EventCategory "22"]
[SourceTitle "CBM 191"]
[Source "ChessBase"]
[SourceDate "2019.08.31"]
[SourceVersion "1"]
[SourceVersionDate "2019.08.31"]
[SourceQuality "1"]

1. e4 c5 2. Nf3 Nc6 3. Nc3 e5 4. Bc4 g6 5. d3 h6 6. h4 d6 7. h5 g5 8. Nh2 Bg7 9. Ng4 Nge7 ({RR} 9... Nd4 10. Ne3 Ne7 11. Ncd5 Nxd5 12. Bxd5 O-O 13. c3 Ne6 14. g3 Nc7 15. Qb3 Nxd5 16. Nxd5 Kh8 17. f4 exf4 18. gxf4 f5 19. fxg5 fxe4 20. Be3 Bg4 21. Nf4 Rxf4 22. Bxf4 Qf8 23. Rf1 exd3 24. Qxb7 {Chua,J (1935)-Zhou,W (2008) Daqing CHN 2025 0-1}) 10. Ne3 O-O 11. Bd2 $146 ({RR} 11. g4 Be6 12. Ncd5 Bxd5 13. Nxd5 Nxd5 14. Bxd5 Rb8 15. a4 Ne7 16. Bb3 d5 17. Qf3 dxe4 18. dxe4 Nc6 19. c3 Qe7 20. O-O Rbd8 21. Be3 b6 22. Rad1 Na5 23. Bd5 c4 24. Qe2 Rc8 25. Qc2 Rc7 {Tahaoglu,E (1694)-Kul,O (2042) Adapazari 2022 1-0 (57)}) ({RR} 11. Ncd5 Rb8 12. a4 a6 13. Nxe7+ Nxe7 14. a5 Be6 15. Qf3 Qd7 16. g4 Rbd8 17. Nf5 Bxf5 18. gxf5 Bf6 19. Be3 Rc8 20. Rg1 Rfd8 21. Rg4 Qc6 22. Ke2 d5 23. exd5 Nxd5 24. Bxd5 Rxd5 25. Rc4 Rcd8 {Akash,G (2394)-Krishnater,K (2324) Balatonlelle 2019 1-0 (53)}) 11... Kh8 12. g4 Rb8 13. a4 Nd4 14. Ncd5 Nxd5 15. Nxd5 Ne6 16. f3 Nf4 17. Qb1 Be6 18. Qa2 Qd7 19. Rg1 b6 20. Bc3 Bxd5 21. Bxd5 a6 22. Bd2 Qe7 23. Rf1 b5 24. axb5 axb5 25. Kf2 c4 26. Bxf4 exf4 27. Rad1 f5 28. gxf5 g4 29. d4 Qh4+ 30. Ke2 Qh2+ 31. Rf2 gxf3+ 0-1

[Event "Sinquefield Cup 7th"]
[Site "Saint Louis"]
[Date "2019.08.18"]
[Round "2"]
[White "Anand, Viswanathan"]
[Black "Carlsen, Magnus"]
[Result "1/2-1/2"]
[WhiteElo "2756"]
[BlackElo "2882"]
[PlyCount "89"]
[EventDate "2019.08.17"]
[EventType "tourn"]
[EventRounds "11"]
[EventCountry "USA"]
[EventCategory "22"]
[SourceTitle "CBM 192"]
[Source "ChessBase"]
[SourceDate "2019.10.31"]
[SourceVersion "1"]
[SourceVersionDate "2019.10.31"]
[SourceQuality "1"]

1. e4 c5 2. Nf3 Nc6 3. Bb5 g6 4. Bxc6 bxc6 5. d4 Bg7 6. dxc5 Qa5+ 7. Nbd2 Qxc5 8. O-O d6 ({RR} 8... Nf6 9. Nb3 Qd6 10. e5 Qxd1 11. Rxd1 Nd5 12. c4 Nc7 13. Be3 f6 14. exf6 Bxf6 15. Rd2 Rb8 16. Re1 Rb4 17. Rc2 Ne6 18. Nc5 Rxb2 19. Rxb2 Bxb2 20. Nxe6 dxe6 21. Rb1 Bf6 22. Bxa7 Kf7 23. h4 {Moussard,J (2651)-Aryan,C (2609) Sharjah 2022 ½-½ (54)}) 9. Re1 f6 ({RR} 9... Bg4 10. h3 Bxf3 11. Nxf3 Rd8 12. Qe2 e5 13. Qa6 Nf6 14. Be3 Qxc2 15. Re2 Qxe4 16. Bh6 Qxe2 17. Qxe2 Bxh6 18. Nxe5 O-O 19. Nxc6 Rd7 20. Rd1 Re8 21. Qb5 Bg7 22. a4 d5 23. a5 d4 24. Rxd4 {Erdos,V (2542)-Halvax,G (2441) Austria AUT 2025 1-0 (38)}) 10. a3 $146 ({RR} 10. c4 Nh6 11. Qa4 Ng4 12. Re2 Bd7 13. h3 Ne5 14. Nxe5 Qxe5 15. Nf3 Qh5 16. Qb3 Kf7 17. e5 dxe5 18. g4 Bxg4 19. hxg4 Qxg4+ 20. Kf1 Qh3+ 21. Kg1 {½-½ (21) Antal,G (2546)-Markos,J (2568) Slovakia 2019}) 10... Nh6 11. b4 Qh5 12. c4 O-O 13. Qa4 Bd7 14. Nf1 Nf7 15. Ng3 Qg4 16. c5 e5 17. cxd6 c5 18. Qb3 cxb4 19. axb4 Qe6 20. Qxe6 Bxe6 21. Be3 a6 22. Rec1 Rfd8 23. Nd2 Bf8 24. Nc4 Rac8 25. Bc5 Bxc4 26. Rxc4 Nxd6 27. Rcc1 Rc6 28. f3 Nb5 29. Bxf8 Rxc1+ 30. Rxc1 Kxf8 31. Nf1 Nd4 32. Rc4 Ke7 33. Ne3 Kd6 34. Rc5 Nc6 35. Rd5+ Ke7 36. b5 axb5 37. Rxb5 Rb8 38. Rxb8 Nxb8 39. Kf2 Ke6 40. g3 Nd7 41. Nc4 Nc5 42. Ke3 Nd7 43. Kf2 Nc5 44. Ke3 Nd7 45. Kf2 1/2-1/2

[Event "Sinquefield Cup 7th"]
[Site "Saint Louis"]
[Date "2019.08.23"]
[Round "6"]
[White "Nakamura, Hikaru"]
[Black "Carlsen, Magnus"]
[Result "1/2-1/2"]
[WhiteElo "2743"]
[BlackElo "2882"]
[PlyCount "60"]
[EventDate "2019.08.17"]
[EventType "tourn"]
[EventRounds "11"]
[EventCountry "USA"]
[EventCategory "22"]
[SourceTitle "CBM 192"]
[Source "ChessBase"]
[SourceDate "2019.10.31"]
[SourceVersion "1"]
[SourceVersionDate "2019.10.31"]
[SourceQuality "1"]

1. e4 c5 2. Nf3 Nc6 3. Bb5 g6 4. O-O Bg7 5. Re1 e5 6. Bxc6 dxc6 7. d3 Qc7 8. Be3 b6 9. a3 a5 10. Nbd2 Nf6 11. b4 Ng4 12. bxc5 Nxe3 13. fxe3 bxc5 14. Nc4 Be6 15. Nfd2 O-O 16. Rf1 $146 ({RR} 16. Rb1 Rfb8 17. Rxb8+ Rxb8 18. Qa1 a4 19. Qc3 Rb5 20. Rf1 f6 21. h3 h5 22. Qa1 {½-½ (22) Nakamura,H (2736)-Carlsen,M (2872) Moscow 2019}) 16... Rab8 17. Qe2 a4 18. Rf2 Rb7 19. Raf1 Qd8 20. Qe1 h5 21. Qa1 f6 22. h3 Bh6 23. Qd1 Kh7 24. Qe2 Rb8 25. Rd1 Qc7 26. Rff1 Kg7 27. Rb1 Rb5 28. Rbd1 Rbb8 29. Rb1 Rb5 30. Rbd1 Rbb8 1/2-1/2

[Event "Sinquefield Cup 7th"]
[Site "Saint Louis"]
[Date "2019.08.26"]
[Round "9"]
[White "Aronian, Levon"]
[Black "Carlsen, Magnus"]
[Result "1/2-1/2"]
[WhiteElo "2765"]
[BlackElo "2882"]
[PlyCount "81"]
[EventDate "2019.08.17"]
[EventType "tourn"]
[EventRounds "11"]
[EventCountry "USA"]
[EventCategory "22"]
[SourceTitle "CBM 192"]
[Source "ChessBase"]
[SourceDate "2019.10.31"]
[SourceVersion "1"]
[SourceVersionDate "2019.10.31"]
[SourceQuality "1"]

1. e4 c5 2. Nf3 Nc6 3. Bb5 g6 4. c3 Nf6 5. Qe2 Bg7 6. O-O O-O 7. d4 cxd4 8. cxd4 d6 ({RR} 8... Ne8 9. Be3 Nc7 10. Bxc6 bxc6 11. Nc3 Ba6 12. Qd2 Bxf1 13. Rxf1 Rb8 14. h4 h5 15. Bh6 d5 16. e5 Ne6 17. Bxg7 Kxg7 18. b3 Qa5 19. Ng5 Nxg5 20. hxg5 e6 21. Rc1 Rfc8 22. Ne4 Qxd2 23. Nxd2 {Asish Panda (1935)-Buscar,M (2015) chess.com INT 2025 0-1 (62)}) 9. h3 Nd7 ({RR} 9... a6 10. Bxc6 bxc6 11. Nc3 a5 12. Re1 Nd7 13. Bg5 h6 14. Be3 Kh7 15. Rac1 Ba6 16. Qd2 c5 17. dxc5 Nxc5 18. Red1 Nd3 19. Rb1 Rc8 20. Bd4 e5 21. Be3 f5 22. exf5 gxf5 23. Nd5 a4 24. Ne1 {Kantans,T (2478)-Mamedov,R (2709) Chess.com INT 2018 ½-½ (47)}) 10. Rd1 $146 ({RR} 10. Be3 a6 11. Bd3 e5 12. d5 Nd4 13. Bxd4 exd4 14. Nbd2 Nc5 15. b4 Na4 16. Nb3 Qb6 17. Qd2 Bd7 18. Rac1 Rac8 19. a3 Rc3 20. Na5 Qc7 21. Rxc3 dxc3 22. Qe3 Nb2 23. Nd4 Bxd4 24. Qxd4 Nxd3 {Kshatriya,N (2224)-Turzo,A (2279) Budapest HUN 2023 0-1 (49)}) ({RR} 10. Be3 a6 11. Bd3 e5 12. d5 Nd4 13. Bxd4 exd4 14. Nbd2 Nc5 15. b4 Na4 16. Nb3 Qb6 17. Qd2 Bd7 18. Rac1 Rac8 19. a3 Rc3 20. Na5 Qc7 21. Rxc3 dxc3 22. Qe3 Nb2 23. Nd4 Bxd4 24. Qxd4 Nxd3 {Kshatriya,N (2224)-Turzo,A (2279) Budapest HUN 2023 0-1 (49)}) 10... a6 11. Bxc6 bxc6 12. Be3 a5 13. Qc2 c5 14. Nc3 cxd4 15. Bxd4 Bb7 16. Bxg7 Kxg7 17. Nd4 Rc8 18. Qd2 Re8 19. Qe3 Qb6 20. e5 dxe5 21. Nb3 Nc5 22. Qxe5+ Kg8 23. Qe3 Qc6 24. Nd5 Nxb3 25. axb3 Qc5 26. Rac1 Qxe3 27. Nxe3 Rxc1 28. Rxc1 Rb8 29. Rc5 Bc8 30. Nd5 Be6 31. Nxe7+ Kf8 32. Nc6 Rxb3 33. Nd4 Rxb2 34. Nxe6+ fxe6 35. Rxa5 h5 36. Ra6 Kf7 37. Ra5 Rb1+ 38. Kh2 Rb2 39. Kg1 Rb1+ 40. Kh2 Rb2 41. Kg1 1/2-1/2